Normal view
MARC view
- Hassan Imran Syed Abdul Rehman Tayyab Hanif
Entry Personal Name
001 - CONTROL NUMBER
- control field: 71250
003 - CONTROL NUMBER IDENTIFIER
- control field: NUST
005 - DATE AND TIME OF LATEST TRANSACTION
- control field: 20210628204620.0
008 - FIXED-LENGTH DATA ELEMENTS
- fixed length control field: 210628|| aca||aabn | a|a d
040 ## - CATALOGING SOURCE
- Original cataloging agency: NUST
- Transcribing agency: NUST
100 ## - HEADING--PERSONAL NAME
- Personal name: Hassan Imran Syed Abdul Rehman Tayyab Hanif
670 ## - SOURCE DATA FOUND
- Source citation: Work cat.: (NUST): Hassan Imran Syed Abdul Rehman Tayyab Hanif, PR-SOF-1441-Enhancement of DME Fluid mechanics Lab Wind Tunnel Calibration, Capability and Testing, 2015
